Využitie MDA princípov na generovanie UML diagramov

Salvato in:
Dettagli Bibliografici
Autore principale: Čarnogurská, Nikola (Autore)
Altri autori: Gallo, Ondrej (Relatore della tesi)
Natura: Manoscritto Libro
Lingua:slovacco
Pubblicazione: Bratislava : STU v Bratislave, FEI, 2020
Soggetti:
Accesso online:http://opac.crzp.sk/?fn=detailBiblioForm&sid=F5195A1FF5FC85745147A0DFA517&seo=CRZP-detail-kniha
Tags: Aggiungi Tag
Nessun Tag, puoi essere il primo ad aggiungerne!!

MARC

LEADER 00000ntm a22000003a 4500
001 stuzp76654
003 SK-STU
005 20200713134607.6
007 ta
008 150427s2015----xo-----f-mn---000-0-slo-d
040 |a STU  |b slo 
041 0 |a slo 
044 |a xo 
100 1 |a Čarnogurská, Nikola  |u 035000  |4 aut  |U FEI Fakulta elektrotechniky a informatiky  |T FEI Ústav informatiky a matematiky  |X 80292  |U E050  |Y 816  |7 80292 
242 0 1 |a Using MDA principles for generating UML diagrams  |y eng 
245 1 0 |a Využitie MDA princípov na generovanie UML diagramov 
260 |a Bratislava : 
260 |b STU v Bratislave, FEI, 
260 |c 2020 
300 |a 86 s. 
650 4 |a generovanie UML diagramov  |2 slo 
650 4 |a MDA  |2 slo 
650 4 |a transformácia PSM na PIM  |2 slo 
650 4 |a analýza kódu  |2 slo 
650 4 |a code analysis  |2 eng 
650 4 |a MDA  |2 eng 
650 4 |a transformation of PSM to PIM  |2 eng 
650 4 |a generation of UML diagrams  |2 eng 
700 1 |a Gallo, Ondrej  |u 035000  |k Z1  |4 ths  |U FEI Fakulta elektrotechniky a informatiky  |T FEI Ústav informatiky a matematiky  |X 27473  |U E050  |Y 816  |7 A000027473 
856 4 |u http://opac.crzp.sk/?fn=detailBiblioForm&sid=F5195A1FF5FC85745147A0DFA517&seo=CRZP-detail-kniha